| 000 | 00716nam a22002537a 4500 | ||
|---|---|---|---|
| 001 | 2090 | ||
| 005 | 20240221132617.0 | ||
| 020 | _a9780590020459 | ||
| 040 |
_aFISKH _beng _cFISKH _dFISKH |
||
| 050 | _aPZ7.R33 | ||
| 082 | _a813.52 | ||
| 100 | _aRey, H. A | ||
| 245 |
_aCurious george ride a bike / _cby H. A. Rey |
||
| 260 |
_aNew Yok : _bScholastic, _c1952 |
||
| 300 |
_a45 pages : _c23 cm . _bcolor illustration ; |
||
| 490 |
_vBook 3 _aCurious George |
||
| 505 | _aQ | ||
| 520 | _aGeorge the monkey goes riding on his new bicyle and runs into unexpected adventure. | ||
| 521 |
_a660 _bLexile |
||
| 521 |
_aQ
_bRaz-Plus |
||
| 650 |
_aMonkey _vfiction |
||
| 650 |
_aBike _vfiction |
||
| 942 |
_2ddc _cBK _n0 |
||
| 999 |
_c2090 _d2090 |
||